| 000 | 00852nam a2200229 a 4500 | ||
|---|---|---|---|
| 001 | 13370 | ||
| 003 | BD-JhCC | ||
| 005 | 20230910112738.0 | ||
| 008 | 230810b20152017bg a|||| ||a| 000 0 ben d | ||
| 035 | _a(BD-JhCC)13370 | ||
| 040 |
_aBD-JhCC _dBD-JhCC |
||
| 041 | _abengali | ||
| 082 |
_a 297.63 _bKHA 2017 |
||
| 100 | _aখান, সানিয়াসনাইন | ||
| 245 |
_aছোটদের ইউসুফ নবী (আ:) / _cসানিয়াসনাইন খান, অনু: মুহাম্মদ শামীম আখতার। |
||
| 260 |
_aঢাকা : _bদারুস সালাম বাংলাদেশ; _c২০১৭ |
||
| 300 |
_a74 p. : _c22 cm. |
||
| 650 |
_aYousuf (AS.) _xProphet _zMuslim |
||
| 700 | _aআখতার, মুহাম্মদ শামীম | ||
| 942 |
_2ddc _cBK |
||
| 999 |
_c13370 _d13370 |
||